| 000 | 01102cam a2200337 i 4500 | ||
|---|---|---|---|
| 001 | 11135474 | ||
| 003 | ARRUPE | ||
| 005 | 20150312173338.0 | ||
| 008 | 140822s2014 enkabf b 001 0 eng d | ||
| 020 | _a9781780768212 (cloth) | ||
| 020 | _a1780768214 (cloth) | ||
| 020 | _a9781780768229 (Paper) | ||
| 020 | _a1780768222 (Paper) | ||
| 024 | _a40024385731 | ||
| 035 | _a(OCoLC)889998945 | ||
| 035 | _a(OCoLC)ocn889998945 | ||
| 035 | _a(NNC)11135474 | ||
| 040 |
_aCDX _beng _erda _cCDX _dYDXCP _dNhCcYBP |
||
| 043 | _af-za--- | ||
| 050 | 4 |
_aDT3113 _b.S27 2014 |
|
| 082 | 0 | 4 |
_a968.9404 _223 |
| 100 | 1 |
_aSardanis, Andrew, _eauthor. _915180 |
|
| 245 | 1 | 0 |
_aZambia : _bthe first 50 years : reflections of an eyewitness / _cAndrew Sardanis. |
| 260 |
_aLondon _bI.B. Tauris _c2014 |
||
| 300 |
_aix, 370 pages, 8 unnumbered pages of plates : _billustrations (chiefly color), map ; _c24 cm |
||
| 504 | _aIncludes bibliographical references (pages 363-364) and index. | ||
| 651 | 0 |
_aZambia _xHistory _y1964- _915181 |
|
| 942 |
_2lcc _cMONOGRAPH |
||
| 948 | 1 |
_a20150114 _bc _cjeb52 _dMPS |
|
| 999 |
_c122063 _d122063 |
||